000 00454cam a2200193 4500
001 D13213
008 090401t1943 xxu||||| |||| 00| 0 eng d
035 _a(Sirsi) u8475
041 _aeng
100 _aLawrance, David M
245 _aModern methods of valuation
260 _aLondon
_bEstates Gazette
_c1943
300 _axii,443p. ; 21cm.
350 _a0
520 _aShelf 118
700 _aMay, Harold G
942 _n0
948 _c04/03/1997
999 _c86520
_d86520